The guide to careers in planning 2006-2007 (Record no. 78294)
[ view plain ]
| 000 -LEADER | |
|---|---|
| fixed length control field | 00830cab a2200193 4500 |
| 001 - CONTROL NUMBER | |
| control field | L136443 |
| 008 - FIXED-LENGTH DATA ELEMENTS--GENERAL INFORMATION | |
| fixed length control field | 070131n2005 000 0 eng u |
| 035 ## - SYSTEM CONTROL NUMBER | |
| System control number | (Sirsi) u136443 |
| 041 0# - LANGUAGE CODE | |
| Language code of text/sound track or separate title | eng |
| 245 04 - TITLE STATEMENT | |
| Title | The guide to careers in planning 2006-2007 |
| 260 ## - PUBLICATION, DISTRIBUTION, ETC. | |
| Date of publication, distribution, etc. | 2005 |
| 490 #0 - SERIES STATEMENT | |
| Series statement | Planning |
| Volume/sequential designation | September 2005 Supplement, 1-35(24) (LOAN) |
| 520 ## - SUMMARY, ETC. | |
| Summary, etc. | Discusses how planners are responding to the threat of climate change and other environmental challenges, how housing renewal and growth relies on the planning system, new options given by councils to trainee planners, the job satisfaction of regenerating deprived areas and how the nation's transport helps fulfil social need. |
| 590 ## - LOCAL NOTE (RLIN) | |
| Local note | KA |
| 651 #4 - SUBJECT ADDED ENTRY--GEOGRAPHIC NAME | |
| Geographic name | United Kingdom |
| Chronological subdivision | |
| 690 ## - LOCAL SUBJECT ADDED ENTRY--TOPICAL TERM (OCLC, RLIN) | |
| Topical term or geographic name as entry element | Planning and development |
| 9 (RLIN) | 6259 |
| 700 1# - ADDED ENTRY--PERSONAL NAME | |
| Personal name | Johnston, Bryan |
| Relator term | Editor |
| 942 ## - ADDED ENTRY ELEMENTS (KOHA) | |
| Suppress in OPAC | 0 |
| Withdrawn status | Lost status | Source of classification or shelving scheme | Damaged status | Not for loan | Home library | Current library | Shelving location | Date acquired | Total Checkouts | Full call number | Barcode | Date last seen | Copy number | Price effective from | Koha item type |
|---|---|---|---|---|---|---|---|---|---|---|---|---|---|---|---|
| Dewey Decimal Classification | London | London | Journal article | 31/01/2007 | L136443 | 30071847 | 06/08/2019 | 1 | 06/08/2019 | Journal article |